000 00691nam a2200265Ia 4500
001 38629
005 20240114002018.0
007 ta
008 070725s1935 g b000 u 465 u
040 _aCotton College,Assam
041 _a465
082 _a954.08
_bB 651 In
100 _aBose, Subhas C..
245 0 _aThe Indian Struggle 1920- 1934 /
_cSubhas C.Bose.
_hTextual Documents
250 _a1st ed. /
260 _aLondon :
_bWishart & Co. Ltd. ,
_c1935.
300 _a351p. ;
_c22cm.
653 _aHistory-India
653 _aIndian History
653 _aIndian Struggle
653 _aG-History
942 _2ddc
_cBK
999 _c38601
_d38601